00810nam a2200169 a 450000100100000000500170001000800410002704000250006808200160009311000630010924501230017226000980029530000300039359000260042395201740044999900170062300002835120200930031550.0110408s1998 dr c r 000 0 spa d aDO-SdBNPbspacBNPHU axxxxbR426d1 aRepública Dominicana.bUniversidad Interamericana95532210aDiscursos :bIX ceremonia solemne de graduación del doctorado honoris causa a monseñor Agripino Núñez Collado. aSanto Domingo :bUniversidad Interamericana,bDepartamento de Cultura y Publicaciones,c1998. a39 p. :bretrs. ;c21 cm. aInventariado, 2019/BT 0010718PDaPDbPDcHDd2011-04-08iLF1l0oxxxx R426dp28351-10r2020-06-25w2020-06-25yLFPDzPerteneció a la biblioteca personal de Bárbara Suncar.ZNo se presta c27843d27843